|
|
|
|
| LEADER |
00000nam0a2200000 4500 |
| 001 |
336150 |
| 005 |
20231102004827.0 |
| 020 |
|
|
|a RU
|b 88-40250
|
| 035 |
|
|
|a (RuTPU)RU\TPU\book\362566
|
| 090 |
|
|
|a 336150
|
| 100 |
|
|
|a 20171010d1987 m y0rusy5003 ca
|
| 101 |
0 |
|
|a rus
|
| 102 |
|
|
|a RU
|
| 105 |
|
|
|a a j 001zy
|
| 200 |
1 |
|
|a Теория кодирования
|e учебное пособие
|f Л. С. Казарин
|g Ярославский государственный университет им. П. Г. Демидова (ЯрГУ)
|
| 210 |
|
|
|a Ярославль
|c Изд-во ЯрГУ
|d 1987
|
| 215 |
|
|
|a 61 с.
|c ил.
|
| 320 |
|
|
|a Библиогр.: с. 59
|
| 606 |
|
|
|a Кодирование,теория
|2 stltpush
|3 (RuTPU)RU\TPU\subj\14623
|9 40986
|
| 610 |
1 |
|
|a понятия
|
| 610 |
1 |
|
|a примеры
|
| 610 |
1 |
|
|a упражнения
|
| 610 |
1 |
|
|a теория групп
|
| 610 |
1 |
|
|a теоремы
|
| 610 |
1 |
|
|a групповые коды
|
| 610 |
1 |
|
|a качество
|
| 610 |
1 |
|
|a оценка
|
| 610 |
1 |
|
|a конечные поля
|
| 610 |
1 |
|
|a полиноминальные коды
|
| 610 |
1 |
|
|a циклические коды
|
| 610 |
1 |
|
|a двоичные БЧХ-коды
|
| 610 |
1 |
|
|a матрицы Адамара
|
| 610 |
1 |
|
|a учебные пособия
|
| 675 |
|
|
|a 621.391(075.8)
|v 3
|
| 700 |
|
1 |
|a Казарин
|b Л. С.
|g Лев Сергеевич
|
| 712 |
0 |
2 |
|a Ярославский государственный университет им. П. Г. Демидова (ЯрГУ)
|2 stltpush
|3 (RuTPU)RU\TPU\col\190
|
| 801 |
|
0 |
|a RU
|b RuMRKP
|c 19950417
|g psbo
|
| 801 |
|
1 |
|a RU
|b 63413507
|c 20171010
|
| 801 |
|
2 |
|a RU
|b 63413507
|c 20171026
|g RCR
|
| 942 |
|
|
|c BK
|